[Event "BL 0910 SC Eppingen - SV Wattenscheid"]
[Site "?"]
[Date "2010.04.10"]
[Round "14.5"]
[White "Handke, Florian"]
[Black "Guliyev, Namig"]
[Result "1/2-1/2"]
[WhiteElo "2513"]
[BlackElo "2525"]
[PlyCount "99"]
[EventDate "2010.??.??"]

1. e4 c5 2. Nf3 d6 3. d4 cxd4 4. Nxd4 Nf6 5. Nc3 a6 6. Be3 e6 7. Be2 Be7 8. f4
Qc7 9. O-O O-O 10. Qe1 b5 11. Bf3 Bb7 12. e5 dxe5 13. fxe5 Nfd7 14. Qg3 Kh8 15.
Rf2 b4 16. Nce2 Bxf3 17. Qxf3 Ra7 18. Qg3 Nc5 19. Nf4 Nbd7 20. Raf1 Raa8 21.
Nh5 Qxe5 22. Rxf7 Qxg3 23. hxg3 Bf6 24. Rxf8+ Rxf8 25. Nxf6 gxf6 26. Nc6 Rc8
27. Nxb4 Rb8 28. a3 a5 29. Nc6 Rxb2 30. Nxa5 Rxc2 31. Rc1 Rxc1+ 32. Bxc1 Kg7
33. Nc4 Kg6 34. g4 f5 35. gxf5+ Kxf5 36. Be3 Ke4 37. Kf2 Kd3 38. Nd6 e5 39. Kf3
e4+ 40. Kf2 Na4 41. Nf5 Ne5 42. Kg3 Nc3 43. Kh4 Nc4 44. Bc5 e3 45. Nxe3 Nxe3
46. Bxe3 Kxe3 47. Kg5 Kf2 48. Kh6 Kxg2 49. a4 Nxa4 50. Kxh7 1/2-1/2

[Event "BL 0910 SC Eppingen - SV Wattenscheid"]
[Site "?"]
[Date "2010.04.10"]
[Round "14.6"]
[White "Paehtz, Elisabeth"]
[Black "Dinstuhl, Volkmar Dr"]
[Result "1/2-1/2"]
[WhiteElo "2482"]
[BlackElo "2417"]
[PlyCount "74"]
[EventDate "2010.??.??"]

1. e4 c5 2. Nf3 d6 3. d4 cxd4 4. Nxd4 Nf6 5. Nc3 a6 6. Bg5 e6 7. f4 Be7 8. Qf3
Qc7 9. O-O-O Nbd7 10. g4 b5 11. Bxf6 gxf6 12. Kb1 b4 13. Nce2 Bb7 14. Bg2 Nc5
15. Qe3 O-O-O 16. c3 bxc3 17. Nxc3 Kb8 18. Ka1 Rc8 19. f5 Qd7 20. Bf3 Bd8 21.
Nde2 Bb6 22. Qh6 Qe7 23. Qf4 Rhd8 24. h4 Bc7 25. Qh6 Nd7 26. g5 fxg5 27. hxg5
Ne5 28. Rhf1 Bb6 29. fxe6 fxe6 30. Qf6 Rc7 31. Bh5 Be3 32. Nd4 Bc8 33. g6 hxg6
34. Bxg6 Bg5 35. Qxe7 Rxe7 36. Bh5 Rh8 37. Be2 Bb7 1/2-1/2

[Event "BL 0910 SC Eppingen - SV Wattenscheid"]
[Site "?"]
[Date "2010.04.10"]
[Round "14.7"]
[White "Tereick, Benjamin"]
[Black "Mann, Christian"]
[Result "1/2-1/2"]
[WhiteElo "2377"]
[BlackElo "2454"]
[PlyCount "82"]
[EventDate "2010.??.??"]

1. Nf3 Nf6 2. g3 g6 3. b3 Bg7 4. Bb2 d5 5. c4 c6 6. Bg2 O-O 7. O-O a5 8. d3 Qb6
9. Nc3 Na6 10. Qd2 Nc5 11. Ba3 Rd8 12. Qe3 d4 13. Qxe7 Nfd7 14. Ng5 dxc3 15. d4
Rf8 16. dxc5 Qd8 17. Qxd8 Rxd8 18. Ne4 a4 19. Bb4 axb3 20. Nxc3 Nxc5 21. axb3
Rxa1 22. Rxa1 Nxb3 23. Ra8 c5 24. Bxb7 cxb4 25. Nd5 Nc5 26. Bxc8 b3 27. Rb8 b2
28. Rb5 Ne4 29. Bb7 Nd2 30. c5 b1=Q+ 31. Rxb1 Nxb1 32. c6 Be5 33. Kg2 Na3 34.
c7 Bxc7 35. Nxc7 Rd2 36. Bf3 Nc2 37. g4 Nd4 38. e3 Nxf3 39. Kxf3 Kg7 40. Ne8+
Kf8 41. Nf6 Kg7 1/2-1/2

[Event "BL 0910 SC Eppingen - SV Wattenscheid"]
[Site "?"]
[Date "2010.04.10"]
[Round "14.8"]
[White "Vogt, Lothar"]
[Black "Straeter, Timo"]
[Result "1/2-1/2"]
[WhiteElo "2422"]
[BlackElo "2347"]
[PlyCount "89"]
[EventDate "2010.??.??"]

1. e4 e5 2. Nf3 Nc6 3. Bb5 Nge7 4. c3 a6 5. Ba4 d6 6. d4 Bd7 7. O-O Ng6 8. d5
Nb8 9. c4 Be7 10. Nc3 h6 11. b4 Bg5 12. c5 Bxc1 13. Rxc1 O-O 14. Ne2 Bxa4 15.
Qxa4 Nd7 16. c6 b5 17. Qc2 Nb6 18. Ng3 Nf4 19. Nf5 g6 20. Nxh6+ Kg7 21. Ng4 f5
22. exf5 gxf5 23. Ne3 Qf6 24. Rcd1 Rf7 25. g3 Ng6 26. h4 Rh8 27. Ng5 Rh5 28.
Nxf7 Qxf7 29. Qe2 Rh8 30. h5 Ne7 31. f4 e4 32. g4 fxg4 33. Qxg4+ Kf8 34. Kf2
Nbxd5 35. Nxd5 Nxd5 36. Qc8+ Kg7 37. Qg4+ Kf8 38. Rg1 Ne7 39. Ke3 Nf5+ 40. Kxe4
Qe6+ 41. Kd3 Qc4+ 42. Kd2 Qxb4+ 43. Kc1 Qc3+ 44. Kb1 Qb4+ 45. Ka1 1/2-1/2

[Event "BL 0910 SG Turm Trier - Turm Emsdetten"]
[Site "?"]
[Date "2010.04.10"]
[Round "14.1"]
[White "Giri, Anish"]
[Black "Lupulescu, Constantin"]
[Result "0-1"]
[WhiteElo "2552"]
[BlackElo "2599"]
[PlyCount "96"]
[EventDate "2010.??.??"]

1. e4 c5 2. Nf3 d6 3. d4 cxd4 4. Nxd4 Nf6 5. Nc3 Nc6 6. Bg5 e6 7. Qd2 a6 8.
O-O-O Bd7 9. f3 Be7 10. Be3 h5 11. Kb1 Qc7 12. Nxc6 Bxc6 13. Ne2 b5 14. Nd4 Bd7
15. Rc1 e5 16. Nf5 Bxf5 17. exf5 d5 18. Bd3 O-O 19. Qe1 e4 20. Be2 Qe5 21. Qg1
Rfd8 22. Rd1 Rac8 23. Bd4 Qxf5 24. g4 Qh7 25. gxh5 exf3 26. Bd3 Qh6 27. Qg3 Bc5
28. Be5 f2 29. Qh4 Re8 30. Bd4 Ne4 31. Bxe4 dxe4 32. Qxf2 Qxh5 33. Rhg1 Bxd4
34. Rxd4 Rc6 35. Re1 Rf6 36. Qg3 Rfe6 37. a4 Qc5 38. c3 bxa4 39. Rxa4 f5 40.
Rd4 Qe5 41. Qg2 Rd6 42. Qf1 Rxd4 43. cxd4 Qb5 44. Qxb5 axb5 45. Kc2 Kf7 46. Kc3
Kf6 47. Kb4 f4 48. Kc5 e3 0-1

[Event "BL 0910 SG Turm Trier - Turm Emsdetten"]
[Site "?"]
[Date "2010.04.10"]
[Round "14.2"]
[White "Cyborowski, Lukasz"]
[Black "Spoelman, Wouter"]
[Result "0-1"]
[WhiteElo "2503"]
[BlackElo "2554"]
[PlyCount "64"]
[EventDate "2010.??.??"]

1. Nf3 d5 2. d4 Nf6 3. c4 c6 4. e3 Bg4 5. h3 Bxf3 6. Qxf3 e6 7. Nc3 Nbd7 8. Bd2
Bb4 9. Bd3 O-O 10. a3 Ba5 11. cxd5 exd5 12. O-O Re8 13. b4 Bc7 14. b5 Nf8 15.
bxc6 bxc6 16. e4 Ne6 17. Be3 Bb6 18. exd5 Nxd4 19. Qd1 c5 20. Bc4 Qd6 21. Re1
Bc7 22. g3 Ba5 23. Bd2 Rxe1+ 24. Bxe1 Qe5 25. Qd3 Rb8 26. Bd2 Rb2 27. Bf4 Qh5
28. g4 Qh4 29. Rf1 Bxc3 30. Qxc3 Rc2 31. Qa5 Ne4 32. f3 Nf2 0-1

[Event "BL 0910 SG Turm Trier - Turm Emsdetten"]
[Site "?"]
[Date "2010.04.10"]
[Round "14.4"]
[White "Jaracz, Pawel"]
[Black "Janssen, Ruud"]
[Result "1/2-1/2"]
[WhiteElo "2547"]
[BlackElo "2520"]
[PlyCount "43"]
[EventDate "2010.??.??"]

1. d4 Nf6 2. c4 e6 3. Nf3 d5 4. Nc3 Bb4 5. cxd5 exd5 6. Bg5 Nbd7 7. e3 c5 8.
Be2 Qa5 9. O-O O-O 10. Nd2 Bxc3 11. bxc3 Qxc3 12. Rc1 Qa3 13. dxc5 Qxa2 14. Bf4
Re8 15. Nf3 Qa5 16. Nd4 Nxc5 17. Nb5 Ne6 18. Bc7 Qb4 19. Bd6 Qa5 20. Bc7 Qb4
21. Bd6 Qa5 22. Bc7 1/2-1/2

[Event "BL 0910 SG Turm Trier - Turm Emsdetten"]
[Site "?"]
[Date "2010.04.10"]
[Round "14.5"]
[White "Brandenburg, Daan"]
[Black "Seger, Ruediger"]
[Result "1/2-1/2"]
[WhiteElo "2480"]
[BlackElo "2407"]
[PlyCount "98"]
[EventDate "2010.??.??"]

1. e4 c6 2. d4 d5 3. e5 Bf5 4. Nf3 e6 5. Be2 Nd7 6. O-O h6 7. Nbd2 Ne7 8. Nb3
Bh7 9. a4 a6 10. Bd2 Ng6 11. c4 Be7 12. Na5 Rb8 13. b4 O-O 14. Re1 f6 15. exf6
Bxf6 16. Bd3 Re8 17. Qc2 Ndf8 18. Rad1 Qd7 19. g3 e5 20. dxe5 Nxe5 21. Nxe5
Bxe5 22. Bxh7+ Nxh7 23. Nb3 Nf6 24. Kg2 Qf7 25. cxd5 cxd5 26. Qd3 Rbc8 27. Nc5
Bd6 28. Rxe8+ Rxe8 29. Be3 Ng4 30. Bd4 Be5 31. Qf3 Nf6 32. Be3 Bd6 33. a5 Rd8
34. Nd3 Ne4 35. Qxf7+ Kxf7 36. f3 Nc3 37. Rd2 Nb5 38. Bc5 Bc7 39. Be3 Bd6 40.
Bb6 Rc8 41. Bc5 Bc7 42. Nf2 Bxa5 43. Rxd5 Rd8 44. Re5 Bc7 45. Re7+ Kg8 46. Ne4
b6 47. Bf2 Kf8 48. Re6 Nd4 49. Rg6 Kf7 1/2-1/2

[Event "BL 0910 SG Turm Trier - Turm Emsdetten"]
[Site "?"]
[Date "2010.04.10"]
[Round "14.6"]
[White "Kolbus, Dietmar"]
[Black "Fiebig, Thomas"]
[Result "1/2-1/2"]
[WhiteElo "2355"]
[BlackElo "2416"]
[PlyCount "88"]
[EventDate "2010.??.??"]

1. d4 d5 2. c4 c6 3. Nf3 Nf6 4. e3 Bf5 5. cxd5 cxd5 6. Qb3 Qc7 7. Nc3 e6 8. Bd2
Nc6 9. Rc1 Be7 10. Ne5 O-O 11. Be2 Rfc8 12. O-O Nd7 13. Nb5 Qd8 14. Nxd7 Qxd7
15. Bd3 Bxd3 16. Qxd3 a6 17. Nc3 Na5 18. Nb1 Nc4 19. b3 Na3 20. Rxc8+ Rxc8 21.
Rc1 Rxc1+ 22. Bxc1 Nxb1 23. Qxb1 Qc6 24. Bd2 g6 25. Qc1 Qxc1+ 26. Bxc1 h5 27.
Bd2 g5 28. Ba5 g4 29. Bc7 Kg7 30. Kf1 Kg6 31. Ke2 Kf5 32. f3 Bb4 33. Bb8 f6 34.
Bc7 gxf3+ 35. Kxf3 e5 36. dxe5 fxe5 37. h3 e4+ 38. Ke2 Bc5 39. Bg3 Be7 40. Bc7
Bf6 41. Bb6 Be5 42. Bd8 Bg3 43. Bb6 Ke6 44. Bd4 Kf5 1/2-1/2

[Event "BL 0910 SG Turm Trier - Turm Emsdetten"]
[Site "?"]
[Date "2010.04.10"]
[Round "14.7"]
[White "Kabatianski, Alexandr"]
[Black "Cioara, Andrei Nestor"]
[Result "1/2-1/2"]
[WhiteElo "2420"]
[BlackElo "2415"]
[PlyCount "59"]
[EventDate "2010.??.??"]

1. d4 e6 2. c4 Nf6 3. Nf3 c5 4. g3 cxd4 5. Nxd4 d5 6. Bg2 e5 7. Nf3 d4 8. O-O
Nc6 9. e3 Bc5 10. exd4 exd4 11. Nbd2 O-O 12. Nb3 Qb6 13. Bf4 Re8 14. Nxc5 Qxc5
15. Qb3 b6 16. Qb5 Bb7 17. Qxc5 bxc5 18. Ne1 Na5 19. Bxb7 Nxb7 20. Nd3 Nd7 21.
Rfe1 f6 22. h4 Kf7 23. Kg2 h5 24. Kf3 Kg6 25. Re4 Rxe4 26. Kxe4 Re8+ 27. Kd5
Rc8 28. Ke4 Re8+ 29. Kd5 Rc8 30. Ke4 1/2-1/2

[Event "BL 0910 SG Turm Trier - Turm Emsdetten"]
[Site "?"]
[Date "2010.04.10"]
[Round "14.8"]
[White "Korman, Maxim"]
[Black "Richter, Christian"]
[Result "0-1"]
[WhiteElo "2177"]
[BlackElo "2412"]
[PlyCount "50"]
[EventDate "2010.??.??"]

1. d4 Nf6 2. Nf3 g6 3. Bg5 Bg7 4. Nbd2 d6 5. e4 h6 6. Bh4 g5 7. Bg3 Nh5 8. c3
Nd7 9. a4 e5 10. Nc4 Nxg3 11. hxg3 exd4 12. Nxd4 Nc5 13. Qc2 O-O 14. Ne3 Re8
15. f3 d5 16. Kf2 dxe4 17. Rd1 Qf6 18. Bb5 c6 19. Bc4 exf3 20. gxf3 Ne4+ 21.
Kg2 Nxg3 22. Rhe1 Nh5 23. Nd5 Bh3+ 24. Kxh3 cxd5 25. Bb5 Re5 0-1

[Event "BL 0910 Werder Bremen - Solinger SG"]
[Site "?"]
[Date "2010.04.10"]
[Round "14.3"]
[White "Edouard, Romain"]
[Black "Eljanov, Pavel"]
[Result "0-1"]
[WhiteElo "2620"]
[BlackElo "2717"]
[PlyCount "84"]
[EventDate "2010.??.??"]

1. d4 Nf6 2. c4 e6 3. Nc3 Bb4 4. Qc2 O-O 5. Bg5 h6 6. Bh4 c5 7. e3 cxd4 8. exd4
b6 9. Bd3 Bb7 10. Nge2 Nc6 11. O-O Be7 12. a3 d5 13. Bxf6 Bxf6 14. cxd5 exd5
15. Rad1 g6 16. Bb5 Qd6 17. Qd3 a6 18. Bxc6 Bxc6 19. Qe3 h5 20. Qf4 Rfd8 21.
Rfe1 Rac8 22. Qxd6 Rxd6 23. Kf1 Kf8 24. Ng1 Bd7 25. h3 Bg7 26. Nf3 f6 27. Nd2
Bh6 28. Kg1 Bf5 29. Nf1 Bc2 30. Ra1 b5 31. Ne3 Bb3 32. Rac1 Rdc6 33. Ra1 Rd8
34. Rac1 Re8 35. Na2 Rce6 36. Nb4 a5 37. Rc3 Bc4 38. Nbc2 a4 39. Rb1 f5 40.
Nxc4 bxc4 41. Kf1 Bd2 42. Rf3 Rb6 0-1

[Event "BL 0910 Werder Bremen - Solinger SG"]
[Site "?"]
[Date "2010.04.10"]
[Round "14.6"]
[White "Nyback, Tomi"]
[Black "Ernst, Sipke"]
[Result "1-0"]
[WhiteElo "2615"]
[BlackElo "2589"]
[PlyCount "61"]
[EventDate "2010.??.??"]

1. d4 Nf6 2. c4 e6 3. Nf3 d5 4. g3 dxc4 5. Bg2 Nc6 6. Qa4 Bb4+ 7. Bd2 Nd5 8.
Bxb4 Ndxb4 9. Na3 O-O 10. O-O Rb8 11. Qb5 a6 12. Qxc4 b5 13. Qc5 Qd6 14. Rfc1
Rd8 15. Qxd6 cxd6 16. d5 Na5 17. Nd4 Bd7 18. Nac2 Nxc2 19. Rxc2 Rbc8 20. Rxc8
Rxc8 21. Bh3 Rc5 22. dxe6 fxe6 23. Rd1 Nc4 24. b3 Nb2 25. Rb1 Rd5 26. e3 Nd3
27. Bxe6+ Bxe6 28. Nxe6 Nb4 29. a3 Nc2 30. Rc1 Rd2 31. Ng5 1-0

[Event "BL 0910 Werder Bremen - Solinger SG"]
[Site "?"]
[Date "2010.04.10"]
[Round "14.7"]
[White "Naumann, Alexander"]
[Black "Hracek, Zbynek"]
[Result "1/2-1/2"]
[WhiteElo "2522"]
[BlackElo "2606"]
[PlyCount "64"]
[EventDate "2010.??.??"]

1. d4 Nf6 2. c4 e6 3. g3 d5 4. Nf3 Bb4+ 5. Bd2 Be7 6. Bg2 O-O 7. O-O c6 8. Qc2
b6 9. Rd1 Nbd7 10. Bf4 Ba6 11. Ne5 Rc8 12. cxd5 cxd5 13. Nc6 Nh5 14. Be3 Nb8
15. Nxe7+ Qxe7 16. Nc3 Nf6 17. Rac1 Nc6 18. Qd2 h6 19. Bf4 Rfd8 20. h3 Ne8 21.
b3 Nd6 22. Bxd6 Qxd6 23. e3 Ne7 24. Bf1 Bxf1 25. Kxf1 Nf5 26. Ne2 Qd7 27. Rxc8
Rxc8 28. Rc1 Nd6 29. Rxc8+ Qxc8 30. Qc1 Qa6 31. Qc2 Ne4 32. Kg2 Qb7 1/2-1/2

[Event "BL 0910 Werder Bremen - Solinger SG"]
[Site "?"]
[Date "2010.04.10"]
[Round "14.8"]
[White "Babula, Vlastimil"]
[Black "Hoffmann, Michael"]
[Result "0-1"]
[WhiteElo "2569"]
[BlackElo "2513"]
[PlyCount "88"]
[EventDate "2010.??.??"]

1. d4 d5 2. c4 c6 3. Nf3 Nf6 4. Nc3 e6 5. Bg5 h6 6. Bh4 dxc4 7. e4 g5 8. Bg3 b5
9. Be2 Bb7 10. O-O Nbd7 11. Ne5 Bg7 12. Nxd7 Nxd7 13. Bd6 a6 14. e5 c5 15. d5
Nxe5 16. dxe6 Nd3 17. exf7+ Kxf7 18. Bxd3 cxd3 19. Qxd3 Qf6 20. Bxc5 Qc6 21.
Qf5+ Bf6 22. f3 Qc8 23. Qxc8 Rhxc8 24. Rad1 Rxc5 25. Rd7+ Kg6 26. Rxb7 Bd4+ 27.
Kh1 Bxc3 28. bxc3 Rac8 29. Rd1 R8c6 30. h3 Rxc3 31. Rd2 Kf5 32. Ra7 Kf4 33. Kh2
Ke3 34. Rd1 Ke2 35. Rad7 Rc2 36. Ra1 Rd2 37. Ra7 Kd3 38. a4 b4 39. Rd7+ Kc3 40.
Rc1+ Rc2 41. Rb1 b3 42. Rb7 b2 43. f4 gxf4 44. Rf1 Rg6 0-1

[Event "BL 0910 Hamburger SK - SC Remagen"]
[Site "?"]
[Date "2010.04.10"]
[Round "14.1"]
[White "Huebner, Robert Dr"]
[Black "Kempinski, Robert"]
[Result "1/2-1/2"]
[WhiteElo "2605"]
[BlackElo "2616"]
[PlyCount "41"]
[EventDate "2010.??.??"]

1. d4 Nf6 2. Nf3 g6 3. Bg5 Bg7 4. Nbd2 d5 5. e3 O-O 6. c4 c6 7. Bd3 Qb6 8. Qc2
c5 9. dxc5 Qxc5 10. Rc1 Nc6 11. a3 dxc4 12. Bxc4 Qa5 13. O-O Bf5 14. e4 Bg4 15.
h3 Bxf3 16. Nxf3 Ne5 17. Nxe5 Qxe5 18. Bxf6 Qxf6 19. b3 Qb2 20. a4 Qxc2 21.
Rxc2 1/2-1/2

[Event "BL 0910 Hamburger SK - SC Remagen"]
[Site "?"]
[Date "2010.04.10"]
[Round "14.2"]
[White "Rogozenco, Dorian"]
[Black "Dgebuadze, Alexandre"]
[Result "1/2-1/2"]
[WhiteElo "2541"]
[BlackElo "2521"]
[PlyCount "53"]
[EventDate "2010.??.??"]

1. d4 e6 2. c4 Nf6 3. Nc3 Bb4 4. Bg5 c5 5. d5 h6 6. Bh4 d6 7. e3 O-O 8. Bd3
Bxc3+ 9. bxc3 Nbd7 10. dxe6 fxe6 11. Nf3 Qa5 12. O-O Qxc3 13. Rc1 Qa5 14. Bb1
Qc7 15. Bg3 Ne5 16. Nxe5 dxe5 17. Qd3 b6 18. Rfd1 Bb7 19. Qd6 Qxd6 20. Rxd6
Rad8 21. Rxe6 Rd2 22. Re7 Rfd8 23. h3 R8d7 24. Rxd7 Nxd7 25. Bf5 Bc6 26. Rc2
Rxc2 27. Bxc2 1/2-1/2

[Event "BL 0910 Hamburger SK - SC Remagen"]
[Site "?"]
[Date "2010.04.10"]
[Round "14.3"]
[White "Swinkels, Robin"]
[Black "Hansen, Sune Berg"]
[Result "0-1"]
[WhiteElo "2511"]
[BlackElo "2552"]
[PlyCount "70"]
[EventDate "2010.??.??"]

1. d4 d5 2. c4 c6 3. Nf3 Nf6 4. e3 Bg4 5. Qb3 Qb6 6. Nc3 e6 7. Nh4 Bh5 8. h3
Na6 9. g4 Bg6 10. Nxg6 hxg6 11. g5 Nd7 12. c5 Qxb3 13. axb3 Nc7 14. f4 f6 15.
Bd3 Kf7 16. Bd2 Be7 17. O-O-O Rh7 18. Rdg1 f5 19. Kc2 Rah8 20. Ra1 a6 21. Bf1
e5 22. Ne2 exf4 23. exf4 Ne6 24. Bg2 Bd8 25. Ba5 Bxa5 26. Rxa5 Re8 27. Kd3 Re7
28. Kd2 Nc7 29. Nc3 Nf8 30. Raa1 Nfe6 31. Ne2 Nb5 32. Kd3 Nbxd4 33. Nxd4 Nxf4+
34. Kd2 Nxg2 35. Raf1 Rh4 0-1

[Event "BL 0910 Hamburger SK - SC Remagen"]
[Site "?"]
[Date "2010.04.10"]
[Round "14.4"]
[White "Ftacnik, Lubomir Dr"]
[Black "Teske, Henrik"]
[Result "1/2-1/2"]
[WhiteElo "2532"]
[BlackElo "2545"]
[PlyCount "50"]
[EventDate "2010.??.??"]

1. Nf3 Nf6 2. c4 e6 3. g3 d5 4. d4 Bb4+ 5. Bd2 Be7 6. Bg2 c6 7. Nc3 O-O 8. O-O
Nbd7 9. cxd5 exd5 10. Qc2 Re8 11. Rad1 Bd6 12. Nh4 Nb6 13. Rfe1 Be7 14. Nf3 Nc4
15. Bf4 Nd6 16. Nd2 Bf5 17. Qb3 Qb6 18. Qxb6 axb6 19. f3 b5 20. e4 dxe4 21.
fxe4 Bg4 22. e5 Bxd1 23. Rxd1 Nf5 24. exf6 Bxf6 25. d5 b4 1/2-1/2

[Event "BL 0910 Hamburger SK - SC Remagen"]
[Site "?"]
[Date "2010.04.10"]
[Round "14.5"]
[White "Popovic, Petar"]
[Black "Mueller, Karsten Dr"]
[Result "0-1"]
[WhiteElo "2496"]
[BlackElo "2523"]
[PlyCount "60"]
[EventDate "2010.??.??"]

1. e4 c5 2. Nf3 d6 3. d4 cxd4 4. Nxd4 Nf6 5. Nc3 Nc6 6. g3 g6 7. Nde2 Bg7 8.
Bg2 O-O 9. O-O Rb8 10. a4 a6 11. Nd5 Nd7 12. c3 e6 13. Ne3 Nf6 14. Bd2 b5 15.
axb5 axb5 16. Nd4 Nxd4 17. cxd4 Bb7 18. Ba5 Qd7 19. Qd3 Rfc8 20. Bb4 Ra8 21. b3
Bf8 22. d5 exd5 23. exd5 Bh6 24. Rxa8 Rxa8 25. Bc3 Bg7 26. Qd2 h5 27. h3 Qd8
28. Qb2 Ne8 29. Bxg7 Nxg7 30. Rc1 Bc8 0-1

[Event "BL 0910 Hamburger SK - SC Remagen"]
[Site "?"]
[Date "2010.04.10"]
[Round "14.6"]
[White "Heinemann, Thies"]
[Black "Kipper, Jens"]
[Result "1/2-1/2"]
[WhiteElo "2484"]
[BlackElo "2393"]
[PlyCount "83"]
[EventDate "2010.??.??"]

1. e4 e6 2. d4 d5 3. Nd2 Nf6 4. e5 Nfd7 5. Bd3 c5 6. c3 Nc6 7. Ne2 cxd4 8. cxd4
f6 9. exf6 Nxf6 10. Nf3 Bd6 11. O-O Qc7 12. g3 O-O 13. Bf4 Ng4 14. Rc1 Bxf4 15.
Nxf4 Rxf4 16. gxf4 Qxf4 17. Be2 Nf6 18. Qd2 Qxd2 19. Nxd2 Nxd4 20. Rfe1 e5 21.
Bd1 Nc6 22. Ba4 Nb4 23. Bb5 a6 24. a3 axb5 25. axb4 e4 26. Ra1 Rxa1 27. Rxa1
Kf7 28. Rc1 Bd7 29. Rc7 b6 30. Rb7 Ke6 31. Rxb6+ Ke5 32. Nb3 d4 33. Nc5 Be8 34.
Kf1 d3 35. Ke1 Kd5 36. Ne6 Bg6 37. b3 Ng4 38. Nf4+ Kd4 39. Nxg6 hxg6 40. Rxg6
Nxh2 41. Rxg7 Kc3 42. Kd1 1/2-1/2

[Event "BL 0910 Hamburger SK - SC Remagen"]
[Site "?"]
[Date "2010.04.10"]
[Round "14.7"]
[White "Schulz, Klaus-Juergen"]
[Black "Huschenbeth, Niclas"]
[Result "0-1"]
[WhiteElo "2385"]
[BlackElo "2411"]
[PlyCount "86"]
[EventDate "2010.??.??"]

1. d4 d5 2. c4 dxc4 3. e4 Nc6 4. d5 Ne5 5. Bf4 Ng6 6. Be3 Nf6 7. Nc3 e5 8. Bxc4
Bd6 9. f3 O-O 10. Nge2 a6 11. Qd2 b5 12. Bb3 Bd7 13. h4 Nh5 14. O-O-O a5 15. g4
Nhf4 16. h5 a4 17. hxg6 axb3 18. gxh7+ Kh8 19. axb3 b4 20. Na4 Bxa4 21. bxa4
Rxa4 22. Nxf4 c5 23. dxc6 b3 24. Qd5 exf4 25. Bd4 Bb4 26. Qxb3 Qa8 27. Qd5 f6
28. c7 Qa6 29. Kc2 Ra5 30. Qb3 Qc6+ 31. Bc3 Bxc3 32. bxc3 Qxc7 33. Rd5 Raa8 34.
Rhd1 Qa7 35. R1d4 Qa1 36. Rd1 Qa6 37. Rb5 Qa7 38. Rb6 Rfb8 39. Rdd6 Rc8 40. Kd3
Qa1 41. Qc2 Qf1+ 42. Kd2 Ra1 43. Qb3 Ra2+ 0-1

[Event "BL 0910 Hamburger SK - SC Remagen"]
[Site "?"]
[Date "2010.04.10"]
[Round "14.8"]
[White "Van Delft, Merijn"]
[Black "Bok, Benjamin"]
[Result "1/2-1/2"]
[WhiteElo "2374"]
[BlackElo "2351"]
[PlyCount "50"]
[EventDate "2010.??.??"]

1. e4 e5 2. Nf3 Nc6 3. Bb5 a6 4. Ba4 Nf6 5. O-O b5 6. Bb3 Bc5 7. a4 Rb8 8. Nxe5
Nxe5 9. d4 Bxd4 10. Qxd4 d6 11. f4 Nc6 12. Qc3 Ne7 13. axb5 axb5 14. Qe1 Bb7
15. e5 Ne4 16. exd6 Qxd6 17. Nc3 Nxc3 18. Qxc3 O-O 19. f5 Nd5 20. Qg3 Qxg3 21.
hxg3 Rfe8 22. Ra7 Nf6 23. Bf4 Re2 24. Rf2 Re1+ 25. Rf1 Re2 1/2-1/2

[Event "BL 0910 OSG Baden Baden - SV Mülheim No"]
[Site "?"]
[Date "2010.04.10"]
[Round "14.3"]
[White "Fridman, Daniel"]
[Black "Adams, Michael"]
[Result "1/2-1/2"]
[WhiteElo "2661"]
[BlackElo "2682"]
[PlyCount "78"]
[EventDate "2010.??.??"]

1. d4 Nf6 2. c4 e6 3. g3 d5 4. Nf3 Bb4+ 5. Bd2 Bd6 6. Bg2 c6 7. O-O Nbd7 8. Qc2
O-O 9. Rd1 Qe7 10. Bg5 h6 11. Bxf6 Nxf6 12. Nc3 b6 13. e4 Nxe4 14. Nxe4 dxe4
15. Qxe4 Bd7 16. Ne5 Rfc8 17. c5 Bxe5 18. dxe5 Be8 19. Rd6 bxc5 20. Qc4 Qb7 21.
b3 Qb6 22. Rc1 Rd8 23. Qxc5 Rxd6 24. exd6 Qxc5 25. Rxc5 Rd8 26. Ra5 Rxd6 27.
Rxa7 Rd1+ 28. Bf1 c5 29. Ra8 Kf8 30. Kg2 Ke7 31. Rc8 Rd2 32. a4 Rc2 33. Bb5
Bxb5 34. axb5 Rc3 35. Rc6 g5 36. Kf1 Rxb3 37. Rxc5 Kd6 38. Rc6+ Kd7 39. Rc5 Kd6
1/2-1/2

[Event "BL 0910 OSG Baden Baden - SV Mülheim No"]
[Site "?"]
[Date "2010.04.10"]
[Round "14.4"]
[White "Naiditsch, Arkadij"]
[Black "Golod, Vitali"]
[Result "1-0"]
[WhiteElo "2685"]
[BlackElo "2602"]
[PlyCount "111"]
[EventDate "2010.??.??"]

1. e4 e5 2. Nf3 Nc6 3. Bb5 Bc5 4. c3 Nf6 5. d4 Bb6 6. Nxe5 O-O 7. Nd2 Qe8 8.
Nd3 Nxe4 9. O-O Nxd2 10. Bxd2 d5 11. Ne5 Qe6 12. Re1 Nxe5 13. Rxe5 Qd6 14. Bd3
Be6 15. Qh5 g6 16. Qh6 Qd7 17. Rae1 Rae8 18. Qh4 f6 19. R5e2 c6 20. Bh6 Rf7 21.
f4 f5 22. g4 Bd8 23. Bg5 Bxg5 24. Qxg5 Rg7 25. h3 fxg4 26. hxg4 Bf7 27. Kf2
Rxe2+ 28. Rxe2 Be6 29. Kg3 h6 30. Qxh6 Bxg4 31. Re5 Bf5 32. Bxf5 gxf5+ 33. Kf3
Qf7 34. Re2 Rg6 35. Qh4 Qf6 36. Qh5 Qf7 37. Rh2 Kf8 38. Qh8+ Rg8 39. Qe5 Qg6
40. Qb8+ Kf7 41. Qxb7+ Kf8 42. Qc8+ Kf7 43. Qc7+ Kf8 44. Ke2 Qf7 45. Qe5 Qe8
46. Kd2 Qxe5 47. fxe5 f4 48. Ke2 Rg3 49. Rh6 Rg2+ 50. Kf3 Rxb2 51. Rxc6 Rxa2
52. Rc5 a5 53. Rxd5 a4 54. Ra5 a3 55. Kxf4 Ra1 56. Ke4 1-0

[Event "BL 0910 OSG Baden Baden - SV Mülheim No"]
[Site "?"]
[Date "2010.04.10"]
[Round "14.5"]
[White "Berelovich, Alexander"]
[Black "Vallejo Pons, Francisco"]
[Result "1-0"]
[WhiteElo "2551"]
[BlackElo "2696"]
[PlyCount "97"]
[EventDate "2010.??.??"]

1. e4 c6 2. Nc3 d5 3. Nf3 Bg4 4. h3 Bxf3 5. Qxf3 e6 6. g3 Nd7 7. Bg2 Ngf6 8. d4
dxe4 9. Nxe4 Nxe4 10. Qxe4 g6 11. O-O Bg7 12. Rd1 O-O 13. Qe2 Re8 14. Be3 Nf6
15. c4 Re7 16. Rd3 Rd7 17. Rad1 a6 18. Bf3 Qe7 19. Kg2 Rad8 20. R3d2 h6 21. h4
Qb4 22. a3 Qe7 23. b4 Ra8 24. Bf4 Ne8 25. Qe3 Nd6 26. Bxd6 Qxd6 27. h5 gxh5 28.
d5 cxd5 29. cxd5 e5 30. Be4 Rc7 31. Qf3 Rc4 32. Rh1 a5 33. Rxh5 axb4 34. axb4
Qxb4 35. Re2 Ra6 36. Bd3 Rf6 37. Rf5 Rxf5 38. Qxf5 Rc5 39. Ra2 Ra5 40. Qc8+ Bf8
41. Qf5 Bd6 42. Re2 Qd4 43. Re4 Qc5 44. Rh4 Ra2 45. Be4 Qe3 46. Qc8+ Kg7 47.
Rg4+ Kf6 48. Qd8+ Be7 49. Qh8# 1-0

[Event "BL 0910 OSG Baden Baden - SV Mülheim No"]
[Site "?"]
[Date "2010.04.10"]
[Round "14.6"]
[White "Nisipeanu, Liviu-Dieter"]
[Black "Levin, Felix"]
[Result "1/2-1/2"]
[WhiteElo "2664"]
[BlackElo "2481"]
[PlyCount "43"]
[EventDate "2010.??.??"]

1. e4 e5 2. Nf3 Nc6 3. Bb5 Nf6 4. O-O Nxe4 5. d4 Nd6 6. Bxc6 dxc6 7. dxe5 Nf5
8. Qxd8+ Kxd8 9. Nc3 Ke8 10. b3 Be6 11. Bb2 Bb4 12. Ne2 Bd5 13. Nfd4 Nxd4 14.
Nxd4 Rd8 15. Nf5 Rg8 16. Rad1 Be4 17. Ne3 Ke7 18. Bd4 c5 19. Bb2 Bd2 20. Bc1
Bxc1 21. Rxc1 g5 22. f3 1/2-1/2

[Event "BL 0910 OSG Baden Baden - SV Mülheim No"]
[Site "?"]
[Date "2010.04.10"]
[Round "14.8"]
[White "Dautov, Rustem"]
[Black "Schebler, Gerhard"]
[Result "1-0"]
[WhiteElo "2596"]
[BlackElo "2486"]
[PlyCount "107"]
[EventDate "2010.??.??"]

1. d4 Nf6 2. c4 g6 3. g3 c5 4. d5 b5 5. cxb5 d6 6. Nc3 Bg7 7. Bg2 O-O 8. Nf3 a6
9. bxa6 Bf5 10. Nh4 Bd7 11. O-O Qc8 12. b3 Bh3 13. Bb2 Nxa6 14. Qd2 Bxg2 15.
Nxg2 Qb7 16. Ne3 Nc7 17. Rfd1 Rfb8 18. Nc4 Qc8 19. e4 Qh3 20. f3 Nd7 21. Ne2
Bxb2 22. Qxb2 Qh6 23. Kg2 Qg7 24. Qxg7+ Kxg7 25. Nc3 Nb5 26. Nxb5 Rxb5 27. Rdb1
Nb6 28. Ne3 Rba5 29. a4 R5a6 30. Rc1 R6a7 31. Kf2 Rb8 32. Ra3 Na8 33. Ke2 Rab7
34. Rc3 Ra7 35. Kd2 Nc7 36. Nc4 f5 37. Re3 Ra6 38. Kc3 Ra7 39. Re2 Ra6 40. Raa2
Rf8 41. Rad2 fxe4 42. fxe4 Rf3+ 43. Re3 Rxe3+ 44. Nxe3 Ne8 45. Nc4 Nf6 46. Re2
Kf7 47. a5 e6 48. dxe6+ Kxe6 49. e5 dxe5 50. Rxe5+ Kd7 51. b4 cxb4+ 52. Kxb4
Ra7 53. Kb5 Kd8 54. Nb6 1-0